[Event "XVI. DBMM Schach"]
[Site "Dresden"]
[Date "2016.11.05"]
[Round "6.2"]
[White "Haenisch, Uwe"]
[Black "Heinrich, Thomas"]
[Result "1/2-1/2"]
[WhiteElo "2195"]
[BlackElo "2224"]
[Annotator "br"]
[PlyCount "201"]
[EventDate "2016.11.??"]
[SourceTitle "XVI. DBMM 2016"]
[Source "FV Schach e.V."]
[SourceDate "2017.06.14"]
[SourceVersion "1"]
[SourceVersionDate "2017.06.14"]
[SourceQuality "1"]
[WhiteTeam "Deutsche Bahn/BSW Frankfurt/M"]
[BlackTeam "le-tex Publishing Services Leipzig"]
[WhiteTeamCountry "GER"]
[BlackTeamCountry "GER"]

1. e4 c5 2. Nc3 a6 3. g3 b5 4. Bg2 Bb7 5. d3 e6 6. Nge2 d6 7. O-O Nd7 8. h3 Qc7
9. Bd2 Ngf6 10. f4 h5 11. Rb1 Be7 12. Qe1 g6 13. Nd1 Bc6 14. Nf2 Qb7 15. Nc1 a5
16. a3 b4 17. axb4 axb4 $11 18. c3 b3 19. c4 O-O 20. Qd1 Rfb8 21. g4 hxg4 22.
hxg4 d5 23. e5 Ne8 24. Qf3 Ng7 25. Ne2 Ra6 26. Qh3 Bf8 27. Qh4 Ne8 28. Nh3 Bg7
29. Ng5 Nf8 30. f5 Bxe5 31. fxe6 f6 32. Nf7 Nxe6 33. Nxe5 fxe5 34. Qg3 dxc4 35.
Bxc6 Qxc6 36. Qxe5 Qd6 37. Bc3 Nd4 38. Bxd4 cxd4 39. Qxd6 Nxd6 40. Nxd4 cxd3
41. Rf6 Rbb6 42. Rxg6+ Kh7 43. Re6 Nc4 44. Rxb6 Rxb6 45. Kf2 Rb8 46. Kg3 Kg6
47. Kf4 d2 48. Nf3 Re8 49. Ra1 Re6 50. Nh4+ Kf7 51. Nf3 Rd6 52. Rd1 Ke6 53. g5
Rd8 54. Ke4 Rd7 55. Nd4+ Kf7 56. Nxb3 Kg6 57. Nd4 Re7+ 58. Kd3 Nxb2+ 59. Kc2
Nxd1 60. Kxd1 Rd7 61. Nf3 Rd5 62. Nxd2 Kxg5 63. Ke2 Kf4 64. Nc4 Rd8 65. Nd2 Rb8
66. Kd3 Ke5 67. Nf3+ Kd5 68. Nd2 Rh8 69. Ke3 Rh4 70. Nf3 Re4+ 71. Kd3 Ra4 72.
Ke3 Rb4 73. Nd2 Ra4 74. Nf3 Rg4 75. Kd3 Re4 76. Nd2 Ra4 77. Ke3 Ke5 78. Nf3+
Kf5 79. Nd4+ Ke5 80. Nf3+ Kd5 81. Nd2 Ra3+ 82. Kf4 Rd3 83. Nf3 Ra3 84. Nd2 Rc3
85. Nf3 Rd3 86. Ne1 Rd4+ 87. Kf5 Rd1 88. Nf3 Rf1 89. Kf4 Rf2 90. Ke3 Ra2 91.
Kf4 Re2 92. Ng5 Re5 93. Nf3 Re8 94. Ng5 Rf8+ 95. Ke3 Rh8 96. Nf3 Rh7 97. Kf4
Rf7+ 98. Ke3 Re7+ 99. Kf4 Kc4 100. Ne5+ Kc3 101. Ke4 1/2-1/2

[Event "XVI. DBMM Schach"]
[Site "Dresden"]
[Date "2016.11.05"]
[Round "6.3"]
[White "Rohne, Lars"]
[Black "Kopp, Jan"]
[Result "1/2-1/2"]
[WhiteElo "2152"]
[BlackElo "2042"]
[Annotator "br"]
[PlyCount "39"]
[EventDate "2016.11.??"]
[SourceTitle "XVI. DBMM 2016"]
[Source "FV Schach e.V."]
[SourceDate "2017.06.14"]
[SourceVersion "1"]
[SourceVersionDate "2017.06.14"]
[SourceQuality "1"]
[WhiteTeam "le-tex Publishing Services Leipzig"]
[BlackTeam "Deutsche Bahn/BSW Frankfurt/M"]
[WhiteTeamCountry "GER"]
[BlackTeamCountry "GER"]

1. e4 c5 2. Nc3 g6 3. f4 Bg7 4. Nf3 d6 5. Bc4 Nf6 6. d3 O-O 7. O-O Nc6 8. a3
Bg4 9. h3 Bxf3 10. Rxf3 Nd4 11. Rf2 Rb8 12. Ba2 b5 13. Ne2 Nc6 14. Be3 b4 15.
axb4 Rxb4 16. Bc1 Qc7 17. c3 Rb7 18. f5 Ne5 19. Ng3 c4 20. dxc4 1/2-1/2

[Event "XVI. DBMM Schach"]
[Site "Dresden"]
[Date "2016.11.05"]
[Round "6.4"]
[White "Mueller, Michael"]
[Black "Hartmann, Uwe"]
[Result "0-1"]
[WhiteElo "2007"]
[BlackElo "1964"]
[Annotator "br"]
[PlyCount "82"]
[EventDate "2016.11.??"]
[SourceTitle "XVI. DBMM 2016"]
[Source "FV Schach e.V."]
[SourceDate "2017.06.14"]
[SourceVersion "1"]
[SourceVersionDate "2017.06.14"]
[SourceQuality "1"]
[WhiteTeam "Deutsche Bahn/BSW Frankfurt/M"]
[BlackTeam "le-tex Publishing Services Leipzig"]
[WhiteTeamCountry "GER"]
[BlackTeamCountry "GER"]

1. e4 e5 2. Nf3 Nc6 3. Bc4 Bc5 4. d3 h6 5. Be3 Bb6 6. c3 Nf6 7. Nbd2 O-O 8. h3
d5 9. exd5 Nxd5 10. Bxb6 cxb6 11. Qc2 Nf4 12. g4 Ng2+ 13. Kd1 Re8 14. Kc1 Be6
15. b3 Bxc4 16. dxc4 Rc8 17. Kb2 Nf4 18. Raf1 b5 19. Qe4 b4 20. Nb1 Qa5 21. Rd1
b5 22. c5 bxc3+ 23. Nxc3 b4 24. Na4 Qb5 25. Rd2 Rcd8 26. Rhd1 Rxd2+ 27. Rxd2
Ng6 28. Rd6 Nd4 29. c6 Rc8 30. Nxd4 exd4 31. Rxg6 fxg6 32. Qe6+ Kh7 33. Qxc8
Qe2+ 34. Kb1 Qd1+ 35. Kb2 d3 36. a3 Qc2+ 37. Ka1 Qc1+ 38. Ka2 Qxa3+ 39. Kb1
Qxb3+ 40. Nb2 Qc2+ 41. Ka1 b3 0-1

[Event "XVI. DBMM Schach"]
[Site "Dresden"]
[Date "2016.11.05"]
[Round "6.1"]
[White "Segerberg, Tomas"]
[Black "Koscielski, Janusz"]
[Result "0-1"]
[WhiteElo "2075"]
[BlackElo "2332"]
[Annotator "br"]
[PlyCount "52"]
[EventDate "2016.11.??"]
[SourceTitle "XVI. DBMM 2016"]
[Source "FV Schach e.V."]
[SourceDate "2017.06.14"]
[SourceVersion "1"]
[SourceVersionDate "2017.06.14"]
[SourceQuality "1"]
[WhiteTeam "Europaeisches Patentamt Muenchen"]
[BlackTeam "Ev. Kinderheim Herne und Wanne-Eickel"]
[WhiteTeamCountry "GER"]
[BlackTeamCountry "GER"]

1. e4 c5 2. Nf3 d6 3. d4 cxd4 4. Nxd4 Nf6 5. Nc3 a6 6. Be2 e5 7. Nf3 Be7 8. O-O
O-O 9. Ne1 Nbd7 10. Be3 b5 11. f3 Bb7 12. a3 Rc8 13. Rc1 Nb6 14. Bf2 d5 15.
Nxd5 Nbxd5 16. exd5 Nxd5 17. Nd3 Bg5 18. Ra1 Ne3 19. Bxe3 Bxe3+ 20. Kh1 Qc7 21.
c3 Rcd8 22. Qe1 Rfe8 23. a4 e4 24. Nb4 Bc5 25. Qg3 Qxg3 26. hxg3 Re6 0-1

[Event "XVI. DBMM Schach"]
[Site "Dresden"]
[Date "2016.11.05"]
[Round "6.2"]
[White "Heimsoth, Sven Holger"]
[Black "Heer, Stephan"]
[Result "1/2-1/2"]
[WhiteElo "2157"]
[BlackElo "2134"]
[Annotator "br"]
[PlyCount "67"]
[EventDate "2016.11.??"]
[SourceTitle "XVI. DBMM 2016"]
[Source "FV Schach e.V."]
[SourceDate "2017.06.14"]
[SourceVersion "1"]
[SourceVersionDate "2017.06.14"]
[SourceQuality "1"]
[WhiteTeam "Ev. Kinderheim Herne und Wanne-Eickel"]
[BlackTeam "Europaeisches Patentamt Muenchen"]
[WhiteTeamCountry "GER"]
[BlackTeamCountry "GER"]

1. Nf3 g6 2. g3 Bg7 3. d4 Nf6 4. b3 O-O 5. Bb2 c5 6. Bg2 cxd4 7. Nxd4 Nc6 8.
O-O Nxd4 9. Bxd4 Ne8 10. c4 Nc7 11. Bxg7 Kxg7 12. Qd4+ Kg8 13. Nc3 Ne6 14. Qh4
Rb8 15. Nd5 f6 16. Rad1 b5 17. Rd2 d6 18. Rfd1 Kg7 19. f4 Nc5 20. b4 Na4 21. c5
e6 22. Ne3 d5 23. g4 f5 $11 24. Qg3 Qf6 25. gxf5 Kh8 26. fxg6 Rb7 27. f5 Rg7
28. Qh3 Nc3 29. Ng4 Qg5 30. Qxc3 Qxg4 31. Rd4 Qxe2 32. Re1 Qh5 33. Rd3 Rxf5 34.
Rg3 1/2-1/2

[Event "XVI. DBMM Schach"]
[Site "Dresden"]
[Date "2016.11.05"]
[Round "6.4"]
[White "Rhein, Volker"]
[Black "Jachs, Walter"]
[Result "0-1"]
[WhiteElo "1300"]
[BlackElo "1998"]
[Annotator "br"]
[PlyCount "68"]
[EventDate "2016.11.??"]
[SourceTitle "XVI. DBMM 2016"]
[Source "FV Schach e.V."]
[SourceDate "2017.06.14"]
[SourceVersion "1"]
[SourceVersionDate "2017.06.14"]
[SourceQuality "1"]
[WhiteTeam "Ev. Kinderheim Herne und Wanne-Eickel"]
[BlackTeam "Europaeisches Patentamt Muenchen"]
[WhiteTeamCountry "GER"]
[BlackTeamCountry "GER"]

1. Nf3 g6 2. g3 Bg7 3. c3 e5 4. e4 d5 5. d3 Ne7 6. Nbd2 O-O 7. Bg2 Nbc6 8. O-O
h6 9. Nb3 b6 10. Be3 Be6 11. Nfd2 d4 12. cxd4 exd4 13. Bf4 g5 14. Bxg5 hxg5 15.
Qh5 f6 16. f4 Bf7 17. Qg4 Qc8 18. f5 Ne5 19. Qe2 c5 20. Nf3 N7c6 21. Nbd2 Qa6
22. Nc4 Nxc4 23. dxc4 Bxc4 24. Qd1 Be2 25. Qe1 Rae8 26. Nd2 g4 27. Rf2 d3 28.
h3 Bh6 29. hxg4 Be3 30. Kh2 Rf7 31. Rxe2 Rh7+ 32. Bh3 dxe2 33. b3 Nd4 34. Kg2
Qd3 0-1

[Event "XVI. DBMM Schach"]
[Site "Dresden"]
[Date "2016.11.05"]
[Round "6.1"]
[White "Gohla, Ulf"]
[Black "Schulz, Michael"]
[Result "1-0"]
[WhiteElo "2151"]
[BlackElo "2142"]
[Annotator "ms"]
[PlyCount "111"]
[EventDate "2016.11.??"]
[SourceTitle "XVI. DBMM 2016"]
[Source "FV Schach e.V."]
[SourceDate "2017.06.14"]
[SourceVersion "1"]
[SourceVersionDate "2017.06.14"]
[SourceQuality "1"]
[WhiteTeam "Vodafone Duesseldorf"]
[BlackTeam "SV Osram Berlin"]
[WhiteTeamCountry "GER"]
[BlackTeamCountry "GER"]

1. d4 Nf6 2. c4 c5 3. d5 e6 4. Nc3 exd5 5. cxd5 d6 6. e4 g6 7. h3 a6 8. a4 Bg7
9. Nf3 Nbd7 10. Bd3 Nh5 11. O-O Ne5 12. Be2 Nxf3+ 13. Bxf3 Qh4 14. Bxh5 gxh5
15. Qd2 Rg8 16. Qf4 Qxf4 17. Bxf4 Bxh3 18. Kh2 Bxc3 19. bxc3 Rg4 20. Bg3 Bxg2
21. Kxg2 Rxe4 22. Bxd6 O-O-O 23. Bxc5 Rxd5 24. Bb6 Rg4+ 25. Kf3 Rf5+ 26. Ke2
Re5+ 27. Kd3 Kd7 28. a5 Rd5+ 29. Kc2 Re4 30. Bd4 h4 31. Rfb1 Rb5 32. Rxb5 axb5
33. Kd3 Rg4 34. Rh1 Ke6 35. Re1+ Kf5 36. Re5+ Kg6 37. Rxb5 h3 38. Rb1 Kf5 39.
Rh1 Rh4 40. Ke3 Kg4 41. Rg1+ Kf5 42. Kf3 Rh5 43. Rh1 Ke6 44. Kg4 Rxa5 45. Rxh3
Ra1 46. Rxh7 Rg1+ 47. Kf4 b5 48. Rh5 Rb1 49. Re5+ Kd6 50. Bc5+ Kc6 51. Bb4 Rf1
52. f3 Rh1 53. Rc5+ Kb6 54. Rf5 Rh7 55. Rf6+ Kb7 56. Ke5 1-0

[Event "XVI. DBMM Schach"]
[Site "Dresden"]
[Date "2016.11.05"]
[Round "6.2"]
[White "Rath, Alina"]
[Black "Tochtrop, Matthias"]
[Result "1/2-1/2"]
[WhiteElo "2047"]
[BlackElo "2174"]
[Annotator "br"]
[PlyCount "50"]
[EventDate "2016.11.??"]
[SourceTitle "XVI. DBMM 2016"]
[Source "FV Schach e.V."]
[SourceDate "2017.06.14"]
[SourceVersion "1"]
[SourceVersionDate "2017.06.14"]
[SourceQuality "1"]
[WhiteTeam "SV Osram Berlin"]
[BlackTeam "Vodafone Duesseldorf"]
[WhiteTeamCountry "GER"]
[BlackTeamCountry "GER"]

1. c4 e5 2. Nc3 Nc6 3. g3 f5 4. Bg2 Nf6 5. d3 Bb4 6. Bd2 O-O 7. e3 Bxc3 8. Bxc3
d6 9. Ne2 Qe8 10. Qd2 a5 11. O-O-O Be6 12. Kb1 d5 13. cxd5 Nxd5 14. d4 Ncb4 15.
Nc1 e4 16. Bf1 b5 17. a3 Nxc3+ 18. Qxc3 Nd5 19. Qc5 c6 20. Be2 Qd7 21. h4 Rfb8
22. Rd2 Nb6 23. b3 Bd5 24. Rb2 Qe6 25. Rd1 g6 1/2-1/2

[Event "XVI. DBMM Schach"]
[Site "Dresden"]
[Date "2016.11.05"]
[Round "6.3"]
[White "Limbourg, Marina"]
[Black "Gebert Vangeel, Ralf"]
[Result "1-0"]
[WhiteElo "2028"]
[BlackElo "2042"]
[Annotator "rgv"]
[PlyCount "120"]
[EventDate "2016.11.??"]
[SourceTitle "XVI. DBMM 2016"]
[Source "FV Schach e.V."]
[SourceDate "2017.06.14"]
[SourceVersion "1"]
[SourceVersionDate "2017.06.14"]
[SourceQuality "1"]
[WhiteTeam "Vodafone Duesseldorf"]
[BlackTeam "SV Osram Berlin"]
[WhiteTeamCountry "GER"]
[BlackTeamCountry "GER"]

1. e4 e5 2. Nc3 Nf6 3. f4 d5 4. fxe5 Nxe4 5. d3 Nxc3 6. bxc3 d4 7. Nf3 Nc6 8.
cxd4 Nxd4 9. c3 Nxf3+ 10. Qxf3 Be7 11. d4 Be6 12. Bd3 O-O 13. O-O Qd7 14. Qg3
f5 15. Bh6 Rf7 16. Be2 Kh8 17. Bg5 Bxg5 18. Qxg5 Qd8 19. Qf4 g5 20. Qd2 f4 21.
Rad1 c6 22. c4 Qb6 23. Kh1 Rd8 24. Qc3 Rfd7 25. a3 Rxd4 26. c5 Qb3 27. Qxb3
Bxb3 28. Rb1 Re4 29. Bg4 Bc4 30. Rfc1 Bd5 31. Rxb7 Rxe5 32. Rxa7 Rb8 33. Rd1
Rb2 34. Bf3 g4 35. Bxd5 cxd5 36. c6 Rbe2 37. Kg1 g3 38. hxg3 fxg3 39. Rf1 Re8
40. Rd7 R2e7 41. Rxd5 Rc7 42. Rd6 Rec8 43. Rc1 Kg8 44. Kf1 Rf7+ 45. Ke2 Kf8 46.
Kd3 Re7 47. Rd7 Ke8 48. Rxe7+ Kxe7 49. Ke3 Kd6 50. c7 Kd7 51. Kf3 Rf8+ 52. Kxg3
Kc8 53. Rc4 Rf1 54. Kg4 Rg1 55. g3 h5+ 56. Kf4 Rf1+ 57. Kg5 Rg1 58. Rc3 Rh1 59.
a4 Ra1 60. Kxh5 Rxa4 1-0

[Event "XVI. DBMM Schach"]
[Site "Dresden"]
[Date "2016.11.05"]
[Round "6.4"]
[White "Eisermann, Daniel"]
[Black "Renzelmann, Volker"]
[Result "1-0"]
[WhiteElo "1966"]
[BlackElo "1369"]
[Annotator "de"]
[PlyCount "41"]
[EventDate "2016.11.??"]
[SourceTitle "XVI. DBMM 2016"]
[Source "FV Schach e.V."]
[SourceDate "2017.06.14"]
[SourceVersion "1"]
[SourceVersionDate "2017.06.14"]
[SourceQuality "1"]
[WhiteTeam "SV Osram Berlin"]
[BlackTeam "Vodafone Duesseldorf"]
[WhiteTeamCountry "GER"]
[BlackTeamCountry "GER"]

1. e4 c5 2. Nf3 d6 3. d4 cxd4 4. Nxd4 Nf6 5. Nc3 a6 6. Be2 e5 7. Nb3 Be6 8. O-O
Nbd7 9. Be3 Rc8 10. f4 Nc5 11. Nxc5 dxc5 12. fxe5 Nd7 13. Bf4 Be7 14. Nd5 Bg5
15. g3 Bxf4 16. gxf4 Bh3 17. Rf3 Qh4 18. Rg3 Qh6 19. Bg4 Bxg4 20. Qxg4 g6 21.
Nf6+ 1-0

[Event "XVI. DBMM Schach"]
[Site "Dresden"]
[Date "2016.11.05"]
[Round "6.1"]
[White "Brendemuehl, Bernd"]
[Black "Schmidt, Harald"]
[Result "0-1"]
[WhiteElo "1849"]
[BlackElo "2364"]
[Annotator "br"]
[PlyCount "68"]
[EventDate "2016.11.??"]
[SourceTitle "XVI. DBMM 2016"]
[Source "FV Schach e.V."]
[SourceDate "2017.06.14"]
[SourceVersion "1"]
[SourceVersionDate "2017.06.14"]
[SourceQuality "1"]
[WhiteTeam "Europaeisches Patentamt Muenchen II"]
[BlackTeam "Transit Hamburg"]
[WhiteTeamCountry "GER"]
[BlackTeamCountry "GER"]

1. e4 e5 2. Nf3 Nc6 3. Bb5 Nge7 4. O-O g6 5. c3 d6 6. d4 Bd7 7. Bg5 Bg7 8. h3
h6 9. Bh4 g5 10. Bg3 Ng6 11. d5 Nce7 12. Qa4 c6 13. dxc6 bxc6 14. Ba6 O-O 15.
Nbd2 f5 16. exf5 Nxf5 17. Ne4 Qb6 18. b4 Nxg3 19. Nxg3 Rxf3 20. gxf3 Nf4 21.
Rad1 d5 22. c4 Bxh3 23. c5 Qc7 24. Rfe1 Bg2 25. Qb3 Rb8 26. Ne2 Bh3 27. Ng3 g4
28. fxg4 Bxg4 29. Rb1 Nh3+ 30. Kh1 Rxb4 31. Qe3 Bf3+ 32. Kh2 Rh4 33. Rb8+ Kh7
34. Bd3+ e4 0-1

[Event "XVI. DBMM Schach"]
[Site "Dresden"]
[Date "2016.11.05"]
[Round "6.2"]
[White "Urban, Ralf-Dieter"]
[Black "Bumes, Konrad"]
[Result "1/2-1/2"]
[WhiteElo "2034"]
[BlackElo "2050"]
[Annotator "br"]
[PlyCount "60"]
[EventDate "2016.11.??"]
[SourceTitle "XVI. DBMM 2016"]
[Source "FV Schach e.V."]
[SourceDate "2017.06.14"]
[SourceVersion "1"]
[SourceVersionDate "2017.06.14"]
[SourceQuality "1"]
[WhiteTeam "Transit Hamburg"]
[BlackTeam "Europaeisches Patentamt Muenchen II"]
[WhiteTeamCountry "GER"]
[BlackTeamCountry "GER"]

1. e4 c6 2. d4 d5 3. exd5 cxd5 4. c4 Nf6 5. Nc3 e6 6. Nf3 Nc6 7. Bg5 Be7 8. Bd3
O-O 9. O-O dxc4 10. Bxc4 b6 11. Qd2 h6 12. Be3 Nb4 13. Rac1 Bb7 14. Ne5 Nbd5
15. Bd3 Nxe3 16. fxe3 Rc8 17. Bb1 Nd5 18. Qd3 f5 19. a3 Nxc3 20. Rxc3 Qd5 21.
Rf2 Rxc3 $11 22. bxc3 Qd6 23. Ba2 Bd5 24. Bxd5 Qxd5 25. Qa6 Bf6 26. Qxa7 Bxe5
27. dxe5 Ra8 28. Qxb6 Rxa3 29. Qb2 Qc5 30. Qb8+ Kh7 1/2-1/2

[Event "XVI. DBMM Schach"]
[Site "Dresden"]
[Date "2016.11.05"]
[Round "6.3"]
[White "Santos, Paulo"]
[Black "Meister, Bernd Holger"]
[Result "1/2-1/2"]
[WhiteElo "1831"]
[BlackElo "1812"]
[Annotator "br"]
[PlyCount "72"]
[EventDate "2016.11.??"]
[SourceTitle "XVI. DBMM 2016"]
[Source "FV Schach e.V."]
[SourceDate "2017.06.14"]
[SourceVersion "1"]
[SourceVersionDate "2017.06.14"]
[SourceQuality "1"]
[WhiteTeam "Europaeisches Patentamt Muenchen II"]
[BlackTeam "Transit Hamburg"]
[WhiteTeamCountry "GER"]
[BlackTeamCountry "GER"]

1. e4 e5 2. Nf3 Nc6 3. Nc3 Nf6 4. Bb5 d6 5. d3 Be7 6. h3 h6 7. O-O Bd7 8. Be3
a6 9. Ba4 b5 10. Bb3 Na5 11. Ne2 Nxb3 12. axb3 Qc8 13. Ng3 c5 14. c4 g5 15. Nh2
Rb8 16. Ra2 g4 17. hxg4 Nxg4 18. Nxg4 Bxg4 19. f3 Be6 20. Nh5 Rb6 21. Qd2 Kd7
22. Ng7 Qg8 23. Nxe6 Kxe6 24. Rfa1 Qg6 25. b4 bxc4 26. bxc5 Rg8 27. cxd6 Rxd6
28. Rxa6 cxd3 29. Bc5 Rgd8 30. Bxd6 Bxd6 31. Qxd3 Ke7 32. Ra7+ Kf8 33. Ra8 Rxa8
34. Rxa8+ Kg7 35. Ra6 Bc5+ 36. Kf1 Qg5 1/2-1/2

[Event "XVI. DBMM Schach"]
[Site "Dresden"]
[Date "2016.11.05"]
[Round "6.4"]
[White "Bohn, Christoph"]
[Black "Bond (EPA), Oliver"]
[Result "1-0"]
[WhiteElo "1920"]
[BlackElo "1700"]
[Annotator "br"]
[PlyCount "81"]
[EventDate "2016.11.??"]
[SourceTitle "XVI. DBMM 2016"]
[Source "FV Schach e.V."]
[SourceDate "2017.06.14"]
[SourceVersion "1"]
[SourceVersionDate "2017.06.14"]
[SourceQuality "1"]
[WhiteTeam "Transit Hamburg"]
[BlackTeam "Europaeisches Patentamt Muenchen II"]
[WhiteTeamCountry "GER"]
[BlackTeamCountry "GER"]

1. c4 c5 2. Nc3 g6 3. d4 cxd4 4. Qxd4 Nf6 5. e4 Nc6 6. Qd1 d6 7. h3 Bg7 8. Nf3
O-O 9. Be2 Bd7 10. Be3 b6 11. Qd2 Rc8 12. O-O Na5 13. b3 Re8 14. Rac1 Bc6 15.
e5 dxe5 16. Qxd8 Rexd8 17. Nxe5 Bb7 18. Nf3 Ne4 19. Nxe4 Bxe4 20. b4 Nc6 21. b5
Nd4 22. Nxd4 Bxd4 23. Bxd4 Rxd4 24. Rfd1 Rxd1+ 25. Rxd1 Bf5 26. Kf1 Be6 27. Rc1
Rc5 28. Ke1 f6 29. Kd2 Bc8 30. Bf3 Kf7 31. Kc3 $11 a6 32. a4 axb5 33. axb5 Be6
34. Kb4 f5 35. Bc6 Kf6 36. Bf3 Bf7 37. Be2 e5 38. Ra1 Bxc4 39. Bxc4 Rc8 40. Ra7
h5 41. Rb7 1-0

[Event "XVI. DBMM Schach"]
[Site "Dresden"]
[Date "2016.11.05"]
[Round "6.1"]
[White "Ungerer, Markus"]
[Black "Gempe, Thomas"]
[Result "1-0"]
[WhiteElo "2125"]
[BlackElo "2209"]
[Annotator "br"]
[PlyCount "75"]
[EventDate "2016.11.??"]
[SourceTitle "XVI. DBMM 2016"]
[Source "FV Schach e.V."]
[SourceDate "2017.06.14"]
[SourceVersion "1"]
[SourceVersionDate "2017.06.14"]
[SourceQuality "1"]
[WhiteTeam "W&W Wuestenrot & Wuerttemb. Stuttgart"]
[BlackTeam "ADAC Muenchen"]
[WhiteTeamCountry "GER"]
[BlackTeamCountry "GER"]

1. e4 c6 2. d4 d5 3. Nd2 dxe4 4. Nxe4 Bf5 5. Ng3 Bg6 6. h4 h6 7. h5 Bh7 8. Nf3
Nd7 9. Bd3 Bxd3 10. Qxd3 e6 $11 11. Bd2 Ngf6 12. O-O-O Be7 13. Rhe1 O-O 14. Qb3
b5 15. Ne5 Nxe5 16. dxe5 Nd5 17. Ne4 a5 18. g4 b4 19. g5 a4 20. Qg3 hxg5 21.
Bxg5 Bxg5+ 22. Nxg5 b3 23. a3 bxc2 24. Rd2 Qb6 25. Qd3 f5 26. exf6 Nxf6 27.
Nxe6 Rfe8 28. Qg6 Ra7 29. Re3 Rb7 30. Rxc2 Qb5 31. Kb1 Qd5 32. Nxg7 Qd1+ 33.
Rc1 Rxb2+ 34. Kxb2 Qd2+ 35. Qc2 Rb8+ 36. Ka2 Qd5+ 37. Qc4 Kxg7 38. Qxd5 1-0

[Event "XVI. DBMM Schach"]
[Site "Dresden"]
[Date "2016.11.05"]
[Round "6.2"]
[White "Haas, Peter"]
[Black "Peck, Malcolm"]
[Result "1/2-1/2"]
[WhiteElo "2098"]
[BlackElo "1797"]
[Annotator "br"]
[PlyCount "111"]
[EventDate "2016.11.??"]
[SourceTitle "XVI. DBMM 2016"]
[Source "FV Schach e.V."]
[SourceDate "2017.06.14"]
[SourceVersion "1"]
[SourceVersionDate "2017.06.14"]
[SourceQuality "1"]
[WhiteTeam "ADAC Muenchen"]
[BlackTeam "W&W Wuestenrot & Wuerttemb. Stuttgart"]
[WhiteTeamCountry "GER"]
[BlackTeamCountry "GER"]

1. e4 c5 2. Nf3 Nc6 3. Bb5 d6 4. O-O Bd7 5. Re1 a6 6. Bxc6 Bxc6 7. c3 Nf6 8. d4
cxd4 9. cxd4 Bxe4 10. Bg5 Bxf3 11. Qxf3 Qa5 12. Nc3 Nd7 13. Nd5 f6 14. b4 Qd8
15. Rac1 Rc8 16. Rxc8 Qxc8 17. Rc1 Nc5 18. Bd2 e6 19. Nb6 Qd8 20. dxc5 dxc5 21.
Nc4 b5 22. Qc6+ Kf7 23. Re1 Qd5 24. Qxd5 exd5 25. Nb6 c4 26. Nxd5 Bd6 27. Bc3
Rd8 28. f4 Bc5+ 29. bxc5 Rxd5 30. Bb4 a5 31. Bxa5 Rxc5 32. Bb4 Rd5 33. Kf2 Rd3
34. Ke2 Ke6 35. Rd1 Rxd1 36. Kxd1 Kf5 37. Bd6 Ke4 38. Kd2 g6 39. a3 h5 40. Be7
f5 41. Bd6 h4 42. Be7 h3 43. gxh3 Kxf4 44. Kc3 Kf3 45. h4 Kg2 46. Bd6 Kh3 47.
Bg3 Kg4 48. Kb4 f4 49. Be1 f3 50. a4 bxa4 51. Kxa4 Kh3 52. Kb4 Kxh2 53. Kxc4
Kg2 54. Kd4 f2 55. Bxf2 Kxf2 56. Ke5 1/2-1/2

[Event "XVI. DBMM Schach"]
[Site "Dresden"]
[Date "2016.11.05"]
[Round "6.3"]
[White "Topol, Martin"]
[Black "Gempe, Anet"]
[Result "0-1"]
[WhiteElo "1362"]
[BlackElo "2027"]
[Annotator "br"]
[PlyCount "36"]
[EventDate "2016.11.??"]
[SourceTitle "XVI. DBMM 2016"]
[Source "FV Schach e.V."]
[SourceDate "2017.06.14"]
[SourceVersion "1"]
[SourceVersionDate "2017.06.14"]
[SourceQuality "1"]
[WhiteTeam "W&W Wuestenrot & Wuerttemb. Stuttgart"]
[BlackTeam "ADAC Muenchen"]
[WhiteTeamCountry "GER"]
[BlackTeamCountry "GER"]

1. f4 e6 2. Nf3 d5 3. b3 Nf6 4. Bb2 Be7 5. e3 O-O 6. d3 b6 7. Nbd2 Bb7 8. Be2
c5 9. h3 Nbd7 10. g4 Ne8 11. h4 Qc7 12. Nf1 d4 13. Qd2 dxe3 14. Qxe3 Ndf6 15.
Rg1 Nd5 16. Qd2 Qxf4 17. O-O-O Bf6 18. Qxf4 Nxf4 0-1

[Event "XVI. DBMM Schach"]
[Site "Dresden"]
[Date "2016.11.05"]
[Round "6.4"]
[White "Weidl, Robert"]
[Black "Uhlarz, Joerg"]
[Result "1-0"]
[WhiteElo "1909"]
[BlackElo "1743"]
[Annotator "br"]
[PlyCount "65"]
[EventDate "2016.11.??"]
[SourceTitle "XVI. DBMM 2016"]
[Source "FV Schach e.V."]
[SourceDate "2017.06.14"]
[SourceVersion "1"]
[SourceVersionDate "2017.06.14"]
[SourceQuality "1"]
[WhiteTeam "ADAC Muenchen"]
[BlackTeam "W&W Wuestenrot & Wuerttemb. Stuttgart"]
[WhiteTeamCountry "GER"]
[BlackTeamCountry "GER"]

1. e4 e5 2. Nf3 Nc6 3. Bc4 Be7 4. c3 Nf6 5. d4 d6 6. d5 Na5 7. Bd3 b6 8. b4 Nb7
9. O-O O-O 10. h3 a5 11. Nbd2 Qe8 12. Re1 Bd7 13. Qe2 Qc8 14. Nf1 Kh8 15. Ng3
g6 16. Bh6 Rg8 17. Ng5 Nd8 18. Rf1 Nh5 19. Nxh5 Bxg5 20. Bxg5 gxh5 21. Bf6+ Rg7
22. Bxg7+ Kxg7 23. Qxh5 f6 24. f4 Nf7 25. Rf3 Be8 26. Rg3+ Ng5 27. Qh4 exf4 28.
Qxf4 Bg6 29. h4 h6 30. Qf2 axb4 31. cxb4 Ra3 32. Rf1 Qd8 33. Qb2 1-0

[Event "XVI. DBMM Schach"]
[Site "Dresden"]
[Date "2016.11.05"]
[Round "6.1"]
[White "Molinaroli, Martin"]
[Black "Zerenner, Pascal"]
[Result "0-1"]
[WhiteElo "2274"]
[BlackElo "1889"]
[Annotator "br"]
[PlyCount "68"]
[EventDate "2016.11.??"]
[SourceTitle "XVI. DBMM 2016"]
[Source "FV Schach e.V."]
[SourceDate "2017.06.14"]
[SourceVersion "1"]
[SourceVersionDate "2017.06.14"]
[SourceQuality "1"]
[WhiteTeam "Westf. Provinzial-Versicherung Muenster"]
[BlackTeam "Europark Altenberg"]
[WhiteTeamCountry "GER"]
[BlackTeamCountry "GER"]

1. Nf3 Nf6 2. d4 d5 3. Bf4 e6 4. e3 Be7 5. Nbd2 O-O 6. Bd3 Nbd7 7. c3 b6 8. Ne5
Bb7 9. Qf3 c5 10. g4 c4 11. Bc2 Nxe5 12. dxe5 Ne4 13. Nxe4 dxe4 14. Bxe4 Bxe4
15. Qxe4 Qc7 16. O-O-O b5 17. Kb1 Rad8 18. Rd4 Bc5 19. Rdd1 Be7 20. Bg3 a5 21.
f4 b4 22. cxb4 axb4 23. Rd4 Ra8 24. Qc2 b3 25. Qxc4 bxa2+ 26. Ka1 Qb7 27. Rhd1
Rfb8 28. R4d2 Ba3 29. b3 h6 30. f5 Rc8 31. Qd3 Bb4 32. Rb2 Qc7 33. Rxa2 Bc3+
34. Kb1 Rxa2 0-1

[Event "XVI. DBMM Schach"]
[Site "Dresden"]
[Date "2016.11.05"]
[Round "6.2"]
[White "Schmidt, Gerhard"]
[Black "Gerighausen, Karl-Heinz"]
[Result "1-0"]
[WhiteElo "2116"]
[BlackElo "1879"]
[Annotator "br"]
[PlyCount "37"]
[EventDate "2016.11.??"]
[SourceTitle "XVI. DBMM 2016"]
[Source "FV Schach e.V."]
[SourceDate "2017.06.14"]
[SourceVersion "1"]
[SourceVersionDate "2017.06.14"]
[SourceQuality "1"]
[WhiteTeam "Europark Altenberg"]
[BlackTeam "Westf. Provinzial-Versicherung Muenster"]
[WhiteTeamCountry "GER"]
[BlackTeamCountry "GER"]

1. e4 c5 2. c3 d5 3. exd5 Qxd5 4. d4 Nf6 5. Nf3 e6 6. Bd3 Nc6 7. O-O cxd4 8.
cxd4 Be7 9. Nc3 Qd8 10. Be3 O-O 11. Rc1 a6 12. Bb1 Nb4 13. Ne5 Bd7 14. Qf3 Nbd5
15. Qh3 Rc8 16. Nxd5 exd5 17. Nxd7 Qxd7 18. Bxh7+ Nxh7 19. Qxd7 1-0